| 000 | 00566nam a22002297a 4500 | ||
|---|---|---|---|
| 003 | UA-OsUOA | ||
| 001 | 34939 | ||
| 007 | ta | ||
| 008 | 20051102b un ||||| |||| 00| 0 ukr d | ||
| 090 |
_a031 _bБ-79 |
||
| 942 | _cBK | ||
| 040 |
_aUA-OsUOA _brus _cUA-OsUOA _dUA-OsUOA |
||
| 245 | _aБольшая энциклопедия школьника | ||
| 300 | _a661 с. | ||
| 955 | _a2 | ||
| 041 | _arus | ||
| 080 | _a031 | ||
| 020 | _a5-8451-0696-6 | ||
| 260 |
_aМ. _bРосмен _c2001 |
||
| 650 | 7 |
_a0 Загальний відділ. _2UDC |
|
| 999 |
_c308630 _d308630 |
||